Jahreshitparaden 1990-1999 - Statistiken

Allgemein
  • Dieses Quiz wurde 1.351 mal gespielt
  • Das Durchschnittsergebnis liegt bei 17 aus 100
Antwortstatistiken
Rang Interpret Song % Korrekt
4. The Cranberries Zombie
67%
2. Eiffel 65 Blue (Da Ba Dee)
65%
1. Scorpions Wind of Change
58%
8. Aqua Barbie Girl
56%
1. Lou Bega Mambo No. 5 (A Little Bit Of …)
56%
1. Céline Dion My Heart Will Go On
55%
5. Scatman John Scatman (Ski-Ba-Bop-Ba-Dop-Bop)
54%
10. Spice Girls Wannabe
53%
7. Vanilla Ice Ice Ice Baby
52%
1. Matthias Reim Verdammt, ich lieb’ Dich
50%
5. Fools Garden Lemon Tree
48%
7. Whitney Houston I Will Always Love You
45%
4. Rednex Cotton Eye Joe
42%
2. Coolio feat. L. V. Gangsta’s Paradise
41%
4. Will Smith Men in Black
39%
3. Britney Spears … Baby One More Time
38%
2. Oli.P Flugzeuge im Bauch
38%
2. Sinéad O’Connor Nothing Compares 2 U
32%
2. Haddaway What Is Love
31%
4. Falco Out of the Dark
30%
3. Die Ärzte Ein Schwein namens Männer
28%
1. Snap! Rhythm Is a Dancer
28%
3. Elton John Something About the Way You Look Tonight / Candle in the Wind ’97
24%
3. Los del Río Macarena (Bayside Boys Remix)
23%
6. No Doubt Don’t Speak
22%
4. Inner Circle Sweat (A La La La La Long)
22%
6. Torfrock Beinhart
21%
10. Depeche Mode Enjoy the Silence
21%
9. Loona Bailando
18%
2. Dr. Alban It’s My Life
18%
1. Sarah Brightman & Andrea Bocelli Time to Say Goodbye (Con te partiró)
18%
8. Mr. President Coco Jamboo
17%
3. U 96 Das Boot
16%
4. Snap! The Power
16%
3. 4 Non Blondes What’s Up?
16%
4. Faithless Insomnia
15%
4. Culture Beat Mr. Vain
15%
1. Ace of Base All That She Wants
14%
7. Christina Aguilera Genie in a Bottle
14%
1. The Fugees Killing Me Softly
14%
3. Phil Collins Another Day in Paradise
13%
1. Vangelis Conquest of Paradise
12%
9. Guru Josh Infinity (1990s… Time for the Guru)
12%
5. 2 Unlimited No Limit
12%
2. Robert Miles Children
11%
9. La Bouche Be My Lover
10%
2. Puff Daddy feat. Faith Evans & 112 I’ll Be Missing You
10%
9. Guns N’ Roses Knockin’ on Heaven’s Door
10%
5. Tic Tac Toe Warum?
10%
7. Take That Back for Good
8%
4. Emilia Big Big World
8%
8. Witt / Heppner Die Flut
8%
2. Bryan Adams (Everything I Do) I Do It for You
8%
6. Snow Informer
8%
4. Roxette Joyride
8%
10. Bellini Samba de Janeiro
8%
8. Dr. Alban Sing Hallelujah
8%
7. Michael Jackson They Don’t Care About Us
8%
8. Mr. Oizo Flat Beat
7%
6. Marusha Somewhere over the Rainbow
7%
3. Bruce Springsteen Streets of Philadelphia
7%
5. Wes Alane
6%
9. Bryan Adams, Rod Stewart & Sting All for Love
6%
10. DJ BoBo Everybody
6%
10. Diether Krebs Ich bin der Martin, ne
6%
10. Wamdue Project King of My Castle
6%
6. Mr. Big To Be with You
6%
7. Nick Kamen I Promised Myself
5%
6. Run-D.M.C. vs. Jason Nevins It’s Like That
5%
10. Freddie Mercury Living on My Own
5%
7. Wet Wet Wet Love Is All Around
5%
6. DNA feat. Suzanne Vega Tom’s Diner
5%
3. Rednex Wish You Were Here
5%
5. Kate Yanai Bacardi Feeling (Summer Dreamin’)
4%
8. UB40 Kingston Town
4%
3. Enigma Sadeness (Part I)
4%
8. Mark'Oh Tears Don’t Lie
4%
1. Mariah Carey Without You
4%
10. Gompie Alice, Who the X Is Alice?
3%
8. Right Said Fred Don’t Talk Just Kiss
3%
2. All-4-One I Swear
3%
7. Nana Lonely
3%
5. Magic Affair Omen III
3%
5. Snap! Ooops Up
3%
9. Zucchero & Paul Young Senza una donna (Without a Woman)
3%
9. Xavier Naidoo Sie sieht mich nicht
3%
7. 4 the Cause Stand by Me
3%
8. Cher The Shoop Shoop Song (It's In His Kiss)
3%
9. No Mercy Where Do You Go
3%
6. Bryan Adams Have You Ever Really Loved a Woman
2%
9. UB40 (I Can’t Help) Falling in Love with You
2%
8. East 17 It’s Alright
2%
7. Double You Please Don’t Go
2%
6. Oli.P So bist du (und wenn du gehst …)
2%
9. Members of Mayday Sonic Empire
2%
5. Erasure ABBA-esque
1%
6. Kelly Family I Can’t Help Myself (I Love You, I Want You)
1%
10. Céline Dion with the Bee Gees Immortality
1%
10. Connie Francis Jive Connie
1%
5. Whitney Houston My Love Is Your Love
1%
Keine übereinstimmenden Quizze gefunden
Verteilung der Resultate
Anzahl Personen mit jedem Resultat
Perzentil nach korrekt beantworteten Fragen
Ihre Resultats-Entwicklung
Sie haben dieses Quiz noch nicht gespielt